長野県の市町村(1968年) - Statistics

General Stats
  • This quiz has been taken 9 times
  • The average score is 46 of 126
Answer Stats
コード 市町村 備考 % Correct
20201 長野市
100%
20202 松本市
100%
20203 上田市
75%
20205 飯田市
75%
20209 伊那市
75%
20210 駒ヶ根市
75%
20213 飯山市
75%
20216 更埴市 2003年消滅
75%
20217 佐久市
75%
20206 諏訪市
63%
20207 須坂市
63%
20208 小諸市
63%
20212 大町市
63%
20214 茅野市
63%
20215 塩尻市
63%
20204 岡谷市
50%
20211 中野市
50%
20446 東筑摩郡麻績村
50%
20481 北安曇郡池田町
50%
20583 上水内郡信濃町
50%
20302 南佐久郡佐久町 2005年消滅
38%
20303 南佐久郡小海町
38%
20304 南佐久郡川上村
38%
20305 南佐久郡南牧村
38%
20306 南佐久郡南相木村
38%
20307 南佐久郡北相木村
38%
20321 北佐久郡軽井沢町
38%
20322 北佐久郡望月町 2005年消滅
38%
20323 北佐久郡御代田町
38%
20324 北佐久郡立科町
38%
20326 北佐久郡北御牧村 2004年消滅
38%
20341 小県郡丸子町 2006年消滅
38%
20343 小県郡東部町 2004年消滅
38%
20345 小県郡真田町 2006年消滅
38%
20346 小県郡武石村 2006年消滅
38%
20349 小県郡青木村
38%
20361 諏訪郡下諏訪町
38%
20362 諏訪郡富士見町
38%
20363 諏訪郡原村
38%
20381 上伊那郡高遠町 2006年消滅
38%
20382 上伊那郡辰野町
38%
20383 上伊那郡箕輪町
38%
20384 上伊那郡飯島町
38%
20385 上伊那郡南箕輪村
38%
20386 上伊那郡中川村
38%
20388 上伊那郡宮田村
38%
20402 下伊那郡松川町
38%
20403 下伊那郡高森町
38%
20404 下伊那郡阿南町
38%
20407 下伊那郡阿智村
38%
20409 下伊那郡平谷村
38%
20410 下伊那郡根羽村
38%
20411 下伊那郡下條村
38%
20412 下伊那郡売木村
38%
20413 下伊那郡天龍村
38%
20415 下伊那郡喬木村
38%
20417 下伊那郡大鹿村
38%
20421 木曽郡木曽福島町 2005年消滅
38%
20422 木曽郡上松町
38%
20423 木曽郡南木曽町
38%
20425 木曽郡木祖村
38%
20429 木曽郡王滝村
38%
20430 木曽郡大桑村
38%
20431 木曽郡山口村 2005年消滅
38%
20445 東筑摩郡坂北村 2005年消滅
38%
20448 東筑摩郡生坂村
38%
20450 東筑摩郡山形村
38%
20451 東筑摩郡朝日村
38%
20461 南安曇郡豊科町 2005年消滅
38%
20482 北安曇郡松川村
38%
20485 北安曇郡白馬村
38%
20486 北安曇郡小谷村
38%
20521 埴科郡坂城町
38%
20522 埴科郡戸倉町 2003年消滅
38%
20541 上高井郡小布施町
38%
20543 上高井郡高山村
38%
20561 下高井郡山ノ内町
38%
20562 下高井郡木島平村
38%
20581 上水内郡信州新町 2010年消滅
38%
20586 上水内郡戸隠村 2005年消滅
38%
20587 上水内郡鬼無里村 2005年消滅
38%
20588 上水内郡小川村
38%
20602 下水内郡栄村
38%
20301 南佐久郡臼田町 2005年消滅
25%
20308 南佐久郡八千穂村 2005年消滅
25%
20325 北佐久郡浅科村 2005年消滅
25%
20342 小県郡長門町 2005年消滅
25%
20347 小県郡和田村 2005年消滅
25%
20401 下伊那郡鼎町 1984年消滅
25%
20406 下伊那郡清内路村 2009年消滅
25%
20414 下伊那郡泰阜村
25%
20416 下伊那郡豊丘村
25%
20418 下伊那郡上村 2005年消滅
25%
20419 下伊那郡南信濃村 2005年消滅
25%
20441 東筑摩郡明科町 2005年消滅
25%
20447 東筑摩郡坂井村 2005年消滅
25%
20449 東筑摩郡波田村 1973年昇格
25%
20462 南安曇郡穂高町 2005年消滅
25%
20464 南安曇郡安曇村 2005年消滅
25%
20465 南安曇郡梓川村 2005年消滅
25%
20466 南安曇郡三郷村 2005年消滅
25%
20467 南安曇郡堀金村 2005年消滅
25%
20501 更級郡上山田町 2003年消滅
25%
20502 更級郡大岡村 2005年消滅
25%
20563 下高井郡野沢温泉村
25%
20582 上水内郡豊野町 2005年消滅
25%
20584 上水内郡牟礼村 2005年消滅
25%
20585 上水内郡三水村 2005年消滅
25%
20589 上水内郡中条村 2010年消滅
25%
20601 下水内郡豊田村 2005年消滅
25%
20344 小県郡塩田町 1970年消滅
13%
20348 小県郡川西村 1973年消滅
13%
20387 上伊那郡長谷村 2006年消滅
13%
20405 下伊那郡上郷村 1970年昇格
13%
20408 下伊那郡浪合村 2006年消滅
13%
20424 木曽郡楢川村 2005年消滅
13%
20426 木曽郡日義村 2005年消滅
13%
20427 木曽郡開田村 2005年消滅
13%
20428 木曽郡三岳村 2005年消滅
13%
20442 東筑摩郡本郷村 1974年消滅
13%
20443 東筑摩郡四賀村 2005年消滅
13%
20444 東筑摩郡本城村 2005年消滅
13%
20463 南安曇郡奈川村 2005年消滅
13%
20483 北安曇郡八坂村 2006年消滅
13%
20484 北安曇郡美麻村 2006年消滅
13%
20542 上高井郡東村 1971年消滅
0%
No matching quizzes found
Score Distribution
Percent of People with Each Score
Percentile by Number Answered
Your Score History
You have not taken this quiz